[Event "Titled Tuesday intern op 25th Jan"]
[Site "Chess.com INT"]
[Date "2022.01.25"]
[Round "6"]
[White "Kislov, Oleg"]
[Black "Avazkhonov, Alikhon"]
[Result "0-1"]
[WhiteElo "2249"]
[BlackElo "1538"]
[PlyCount "54"]
[EventDate "2022.01.25"]
[EventType "swiss (blitz)"]
[EventRounds "11"]
[EventCountry "USA"]
[SourceTitle "CBM 206 Extra"]
[Source "ChessBase"]
[SourceDate "2022.03.31"]
[SourceVersion "1"]
[SourceVersionDate "2022.03.31"]
[SourceQuality "1"]

1. e4 c6 2. d4 d5 3. Nc3 dxe4 4. Nxe4 Nf6 5. Nxf6+ exf6 6. c3 Bd6 7. Bd3 0-0 8. Qc2 Re8+ 9. Ne2 h5 10. Be3 Nd7 11. 0-0-0 Nf8 12. c4 Be6 13. Nc3 Rb8 14. Ne4 b5 15. c5 Bc7 16. Kb1 a5 17. h3 a4 18. g4 h4 19. Ka1 b4 20. Qb1 g5 21. Rhf1 Bd5 22. Rde1 Ne6 23. f3 Nf4 24. Bxf4 Bxf4 25. Re2 a3 26. b3 Bxe4 27. Qc2 Qxd4+ 0-1

[Event "Titled Tuesday intern op 25th Jan"]
[Site "Chess.com INT"]
[Date "2022.01.25"]
[Round "9"]
[White "Kislov, Oleg"]
[Black "Matveeva, Olga"]
[Result "1-0"]
[WhiteElo "2249"]
[BlackElo "2171"]
[PlyCount "61"]
[EventDate "2022.01.25"]
[EventType "swiss (blitz)"]
[EventRounds "11"]
[EventCountry "USA"]
[SourceTitle "CBM 206 Extra"]
[Source "ChessBase"]
[SourceDate "2022.03.31"]
[SourceVersion "1"]
[SourceVersionDate "2022.03.31"]
[SourceQuality "1"]

1. e4 e6 2. d4 d5 3. Nc3 Nf6 4. Bg5 Bb4 5. e5 h6 6. Bd2 Bxc3 7. bxc3 Ne4 8. Qg4 Kf8 9. Bd3 Nxd2 10. Kxd2 c5 11. Nf3 c4 12. Be2 Bd7 13. h4 Nc6 14. h5 b5 15. a3 a5 16. Rhb1 Rb8 17. Qf4 b4 18. axb4 axb4 19. cxb4 Nxb4 20. Qe3 Kg8 21. Qa3 Nc6 22. Qd6 c3+ 23. Kxc3 Rxb1 24. Rxb1 Qa5+ 25. Kd3 Kh7 26. Qxd7 Nb4+ 27. Ke3 Nxc2+ 28. Kf4 Nxd4 29. Bd3+ Nf5 30. Bxf5+ exf5 31. Qxf5+ 1-0

[Event "Titled Tuesday intern op 25th Jan"]
[Site "Chess.com INT"]
[Date "2022.01.25"]
[Round "11"]
[White "Rangel, Daniel"]
[Black "Kislov, Oleg"]
[Result "0-1"]
[WhiteElo "2207"]
[BlackElo "2249"]
[PlyCount "38"]
[EventDate "2022.01.25"]
[EventType "swiss (blitz)"]
[EventRounds "11"]
[EventCountry "USA"]
[SourceTitle "CBM 206 Extra"]
[Source "ChessBase"]
[SourceDate "2022.03.31"]
[SourceVersion "1"]
[SourceVersionDate "2022.03.31"]
[SourceQuality "1"]

1. e4 e6 2. d4 d5 3. exd5 exd5 4. c4 Nf6 5. Nc3 Bb4 6. Qa4+ Nc6 7. cxd5 Nxd5 8. Bb5 Nxc3 9. bxc3 Bxc3+ 10. Bd2 Bxa1 11. Nf3 Qe7+ 12. Kd1 0-0 13. Re1 Qf6 14. Bg5 Qg6 15. d5 Nd4 16. Be7 Qb1+ 17. Kd2 Qb2+ 18. Kd3 Bf5+ 19. Re4 Qc3# 0-1

[Event "Titled Tuesday intern op 25th Jan"]
[Site "Chess.com INT"]
[Date "2022.01.25"]
[Round "2"]
[White "Shipov, Sergei"]
[Black "Kislov, Oleg"]
[Result "1-0"]
[WhiteElo "2541"]
[BlackElo "2249"]
[PlyCount "61"]
[EventDate "2022.01.25"]
[EventType "swiss (blitz)"]
[EventRounds "11"]
[EventCountry "USA"]
[SourceTitle "CBM 206 Extra"]
[Source "ChessBase"]
[SourceDate "2022.03.31"]
[SourceVersion "1"]
[SourceVersionDate "2022.03.31"]
[SourceQuality "1"]

1. d4 Nf6 2. c4 e6 3. Nc3 Bb4 4. Qc2 d5 5. a3 Be7 6. cxd5 exd5 7. Bg5 c6 8. e3 0-0 9. Bd3 h6 10. Bh4 Re8 11. Nge2 Nbd7 12. 0-0 Nf8 13. f3 c5 14. Kh1 Be6 15. Bxf6 Bxf6 16. dxc5 Rc8 17. b4 b6 18. Ba6 Rc7 19. Nb5 Rce7 20. Nbd4 bxc5 21. bxc5 Qa5 22. Bd3 Rc7 23. Rac1 Rec8 24. c6 a6 25. Qc3 Qxc3 26. Rxc3 g5 27. Bxa6 Ra8 28. Bb7 Ra5 29. Rb1 Ng6 30. Rc2 Rxa3 31. Nb5 1-0

[Event "Titled Tuesday intern op 18th Jan"]
[Site "Chess.com INT"]
[Date "2022.01.18"]
[Round "9"]
[White "Gelman, Alexander"]
[Black "Kislov, Oleg"]
[Result "0-1"]
[WhiteElo "2403"]
[BlackElo "2249"]
[PlyCount "52"]
[EventDate "2022.01.18"]
[EventType "swiss (blitz)"]
[EventRounds "11"]
[EventCountry "USA"]
[SourceTitle "CBM 206 Extra"]
[Source "ChessBase"]
[SourceDate "2022.03.31"]
[SourceVersion "1"]
[SourceVersionDate "2022.03.31"]
[SourceQuality "1"]

1. d4 d5 2. Nc3 Nf6 3. Bf4 e6 4. Nb5 Na6 5. e3 c6 6. Nc3 Bd6 7. Nf3 Bxf4 8. exf4 Nc7 9. Qd2 0-0 10. 0-0-0 b5 11. Ne5 Qd6 12. Bd3 c5 13. dxc5 Qxc5 14. h4 b4 15. Ne2 a5 16. h5 Ba6 17. Kb1 a4 18. g4 b3 19. cxb3 axb3 20. a3 Qxf2 21. h6 g6 22. Qc3 Bxd3+ 23. Nxd3 Qxe2 24. Qxf6 Qc2+ 25. Ka1 Rxa3+ 26. bxa3 Qa2# 0-1

[Event "Titled Tuesday intern op 18th Jan"]
[Site "Chess.com INT"]
[Date "2022.01.18"]
[Round "4"]
[White "Kislov, Oleg"]
[Black "Kanyamarala, Trisha"]
[Result "1-0"]
[WhiteElo "2249"]
[BlackElo "2166"]
[PlyCount "95"]
[EventDate "2022.01.18"]
[EventType "swiss (blitz)"]
[EventRounds "11"]
[EventCountry "USA"]
[SourceTitle "CBM 206 Extra"]
[Source "ChessBase"]
[SourceDate "2022.03.31"]
[SourceVersion "1"]
[SourceVersionDate "2022.03.31"]
[SourceQuality "1"]

1. e4 c5 2. Nf3 d6 3. c3 Nf6 4. Be2 Bd7 5. Qc2 g6 6. 0-0 Nc6 7. d4 cxd4 8. cxd4 Bg7 9. Nc3 0-0 10. d5 Nb4 11. Qb3 Na6 12. Be3 Ng4 13. Bd4 Nc5 14. Qc2 Rc8 15. Bxg7 Kxg7 16. Nd4 Nf6 17. f3 Qb6 18. Qd2 Na4 19. Nxa4 Bxa4 20. b3 Bd7 21. Rac1 e5 22. dxe6 fxe6 23. Kh1 Rxc1 24. Rxc1 Rc8 25. Rxc8 Bxc8 26. Bc4 d5 27. exd5 exd5 28. Be2 Bd7 29. g3 a6 30. Qe3 Qb4 31. Kg2 Qd6 32. g4 Ng8 33. Bd3 Ne7 34. h3 Nc6 35. f4 Qa3 36. Nxc6 Bxc6 37. Qe5+ Kg8 38. Qe6+ Kg7 39. Qe2 Qc1 40. Kg3 Qg1+ 41. Kh4 Qc5 42. Qe5+ Kg8 43. Kg5 Qf8 44. f5 Qd8+ 45. f6 Kf7 46. h4 b5 47. b4 d4 48. h5 1-0

[Event "Titled Tuesday intern op 18th Jan"]
[Site "Chess.com INT"]
[Date "2022.01.18"]
[Round "6"]
[White "Kislov, Oleg"]
[Black "Viskelis, Darius"]
[Result "1-0"]
[WhiteElo "2249"]
[BlackElo "2200"]
[PlyCount "33"]
[EventDate "2022.01.18"]
[EventType "swiss (blitz)"]
[EventRounds "11"]
[EventCountry "USA"]
[SourceTitle "CBM 206 Extra"]
[Source "ChessBase"]
[SourceDate "2022.03.31"]
[SourceVersion "1"]
[SourceVersionDate "2022.03.31"]
[SourceQuality "1"]

1. e4 e5 2. Nf3 Nc6 3. d4 exd4 4. Nxd4 Bc5 5. Be3 Qf6 6. c3 Nge7 7. Bc4 0-0 8. 0-0 Ne5 9. Be2 Qg6 10. Nd2 d5 11. f4 Ng4 12. Bxg4 Bxg4 13. Qe1 dxe4 14. f5 Nxf5 15. Nxf5 Bh3 16. Qf2 Bxe3 17. Ne7+ 1-0

[Event "Titled Tuesday intern op 14th Dec"]
[Site "Chess.com INT"]
[Date "2021.12.14"]
[Round "5"]
[White "Dylag, Emilia"]
[Black "Kislov, Oleg"]
[Result "0-1"]
[WhiteElo "1956"]
[BlackElo "2249"]
[PlyCount "150"]
[EventDate "2021.12.14"]
[EventType "swiss (blitz)"]
[EventRounds "11"]
[EventCountry "USA"]
[SourceTitle "EXT 2023"]
[Source "ChessBase"]
[SourceDate "2022.10.05"]
[SourceVersion "1"]
[SourceVersionDate "2022.10.05"]
[SourceQuality "1"]

1. d4 Nf6 2. c4 e6 3. Nf3 d5 4. g3 Be7 5. Bg2 0-0 6. 0-0 dxc4 7. Qc2 Bd7 8. Qxc4 Bc6 9. Bf4 Nbd7 10. Nc3 Nb6 11. Qb3 Nbd5 12. Be5 Nxc3 13. bxc3 Be4 14. Nh4 Bxg2 15. Nxg2 Qd5 16. Bxf6 Qxb3 17. axb3 Bxf6 18. b4 a6 19. Nf4 c6 20. Nd3 Rfe8 21. f4 Be7 22. Kg2 Bd6 23. e4 Rec8 24. Ra2 f6 25. e5 Be7 26. Rd1 Kf7 27. Kf3 Rd8 28. Nb2 Rd5 29. Nc4 Rb5 30. Ra5 Rd8 31. Ke4 Rdd5 32. Ra2 Rd8 33. Ra5 Rdd5 34. Rda1 h6 35. R5a2 Rd8 36. Ra5 Rdd5 37. R5a2 Rd8 38. Ra5 Rbd5 39. Nb6 Bxb4 40. cxb4 Rxd4+ 41. Kf3 Rxb4 42. Na4 Rd2 43. Ra3 Rxh2 44. Nc5 b6 45. Rxa6 bxc5 46. Rxc6 Rc2 47. exf6 gxf6 48. Ra7+ Kg6 49. Rxe6 Kf5 50. Re3 h5 51. Ra5 Rbc4 52. Raa3 Rh2 53. Rad3 Rcc2 54. Rd5+ Kg6 55. f5+ Kg5 56. Ke4 Rhf2 57. Rd7 Rc4+ 58. Kd5 Rd4+ 59. Kxc5 Rxd7 60. Kc6 Rdd2 61. Re8 Kxf5 62. Rh8 Kg4 63. Rg8+ Kf3 64. Rf8 Kxg3 65. Kc5 Rf5+ 66. Kc4 h4 67. Kc3 Rdf2 68. Rg8+ Rg5 69. Rh8 h3 70. Kd3 h2 71. Ke3 Kg2 72. Rh7 Re5+ 73. Kd4 h1Q 74. Rg7+ Kf1 75. Rg1+ Qxg1 0-1

[Event "Titled Tuesday intern op 14th Dec"]
[Site "Chess.com INT"]
[Date "2021.12.14"]
[Round "4"]
[White "Kislov, Oleg"]
[Black "Andreikin, Dmitry"]
[Result "1/2-1/2"]
[WhiteElo "2249"]
[BlackElo "2724"]
[PlyCount "137"]
[EventDate "2021.12.14"]
[EventType "swiss (blitz)"]
[EventRounds "11"]
[EventCountry "USA"]
[SourceTitle "EXT 2023"]
[Source "ChessBase"]
[SourceDate "2022.10.05"]
[SourceVersion "1"]
[SourceVersionDate "2022.10.05"]
[SourceQuality "1"]

1. e4 c5 2. Nf3 e6 3. c3 Nf6 4. e5 Nd5 5. d4 cxd4 6. cxd4 b6 7. Nc3 Bb7 8. Bd3 Na6 9. 0-0 Nab4 10. Bb1 Nxc3 11. bxc3 Nd5 12. Bd2 Rc8 13. Qb3 Ba6 14. Rc1 Bc4 15. Qc2 Ba3 16. Re1 h6 17. Qe4 Bb2 18. Qg4 g5 19. Bc2 Bxa1 20. Rxa1 Qe7 21. Qh5 Be2 22. Re1 Bxf3 23. Qxf3 Qa3 24. Bb3 Qb2 25. Rd1 Nxc3 26. Bxc3 Rxc3 27. Qa8+ Ke7 28. Qxh8 Rc1 29. Qf6+ Ke8 30. Qf3 b5 31. Rxc1 Qxc1+ 32. Qd1 Qc3 33. h3 a5 34. Qf3 Qxd4 35. Qa8+ Ke7 36. Qxa5 Qa1+ 37. Kh2 Qxe5+ 38. g3 Qd4 39. Qe1 Kf6 40. Qe3 Qxe3 41. fxe3 Ke5 42. Kg2 Ke4 43. Kf2 Kd3 44. Kf3 f5 45. g4 fxg4+ 46. hxg4 d5 47. Kf2 Kd2 48. Kf3 Kd3 49. Bd1 Kc3 50. Be2 b4 51. Bd1 e5 52. Bb3 d4 53. exd4 exd4 54. Ke2 d3+ 55. Kd1 d2 56. Bf7 Kd3 57. Bg6+ Ke3 58. Bf5 Kf4 59. Bd7 Ke3 60. Bc8 Kd3 61. Ba6+ Ke3 62. Bb5 Kf4 63. Bd7 Ke3 64. Bc8 Kd3 65. Bf5+ Ke3 66. Bg6 Kf4 67. Bh5 Ke3 68. Be8 Kf4 69. Bd7 1/2-1/2

[Event "Titled Tuesday intern op 14th Dec"]
[Site "Chess.com INT"]
[Date "2021.12.14"]
[Round "9"]
[White "Kislov, Oleg"]
[Black "Korkmaz, Necmettin"]
[Result "1-0"]
[WhiteElo "2249"]
[BlackElo "2106"]
[PlyCount "107"]
[EventDate "2021.12.14"]
[EventType "swiss (blitz)"]
[EventRounds "11"]
[EventCountry "USA"]
[SourceTitle "EXT 2023"]
[Source "ChessBase"]
[SourceDate "2022.10.05"]
[SourceVersion "1"]
[SourceVersionDate "2022.10.05"]
[SourceQuality "1"]

1. e4 c5 2. Nf3 e6 3. c3 d5 4. exd5 exd5 5. d4 Nf6 6. Be2 Nc6 7. 0-0 cxd4 8. Nxd4 Be7 9. Bf4 0-0 10. Re1 Bd6 11. Bxd6 Qxd6 12. Na3 a6 13. Nac2 Bd7 14. Bf3 Rfe8 15. Qd2 Ne5 16. Rad1 Neg4 17. g3 Ne4 18. Bxe4 dxe4 19. Nb3 Qf6 20. Qf4 Qxf4 21. gxf4 Nf6 22. Ne3 Ba4 23. Rd4 Bc6 24. Na5 Rac8 25. Nxc6 Rxc6 26. Red1 g6 27. Rd6 Re6 28. Rxe6 Rxe6 29. f5 Rb6 30. fxg6 hxg6 31. b3 Rb5 32. c4 Rg5+ 33. Kf1 b5 34. Rd6 Kg7 35. Rxa6 bxc4 36. Nxc4 Rh5 37. Ne3 Rxh2 38. b4 Rh1+ 39. Kg2 Rb1 40. a3 Nh5 41. Rc6 f5 42. Nd5 f4 43. Ne7 f3+ 44. Kh2 Nf4 45. Rc4 Re1 46. b5 Nd3 47. b6 Nxf2 48. b7 Ng4+ 49. Kg3 f2 50. Nf5+ gxf5 51. b8Q Rg1+ 52. Kh4 Rh1+ 53. Kg5 f1Q 54. Rc7# 1-0

[Event "Titled Tuesday intern op 14th Dec"]
[Site "Chess.com INT"]
[Date "2021.12.14"]
[Round "2"]
[White "Terry, Renato"]
[Black "Kislov, Oleg"]
[Result "1-0"]
[WhiteElo "2504"]
[BlackElo "2249"]
[PlyCount "61"]
[EventDate "2021.12.14"]
[EventType "swiss (blitz)"]
[EventRounds "11"]
[EventCountry "USA"]
[SourceTitle "EXT 2023"]
[Source "ChessBase"]
[SourceDate "2022.10.05"]
[SourceVersion "1"]
[SourceVersionDate "2022.10.05"]
[SourceQuality "1"]

1. e4 e6 2. d4 d5 3. exd5 exd5 4. Nf3 Nf6 5. Bd3 c5 6. 0-0 Nc6 7. dxc5 Bxc5 8. Re1+ Be6 9. Be3 d4 10. Bg5 0-0 11. Nbd2 h6 12. Bh4 Be7 13. a3 a5 14. Rxe6 fxe6 15. Qe2 Qd7 16. Re1 Rae8 17. Bg6 Rc8 18. Bd3 Bd6 19. Ne4 Be7 20. Nxf6+ Bxf6 21. Qe4 g5 22. Bg3 Rce8 23. h3 Qg7 24. Nh2 h5 25. Nf3 Rf7 26. Nd2 g4 27. h4 Rd7 28. Nc4 Rd5 29. Qxd5 exd5 30. Rxe8+ Kf7 31. Nd6# 1-0

[Event "Titled Tuesday intern op 30th Nov"]
[Site "Chess.com INT"]
[Date "2021.11.30"]
[Round "6"]
[White "Gvanceladze, Anna"]
[Black "Kislov, Oleg"]
[Result "0-1"]
[WhiteElo "2196"]
[BlackElo "2249"]
[PlyCount "60"]
[EventDate "2021.11.30"]
[EventType "swiss (blitz)"]
[EventRounds "11"]
[EventCountry "USA"]
[SourceTitle "CBM 205 Extra"]
[Source "ChessBase"]
[SourceDate "2022.01.31"]
[SourceVersion "1"]
[SourceVersionDate "2022.01.31"]
[SourceQuality "1"]

1. e4 c5 2. Nf3 Nc6 3. Nc3 e5 4. Bc4 Be7 5. d3 Nf6 6. Bg5 0-0 7. 0-0 d6 8. h3 Be6 9. a3 a6 10. Rb1 b5 11. Bxf6 Bxf6 12. Bd5 Qc7 13. Qd2 Rab8 14. b4 Nd4 15. Nxd4 cxd4 16. Ne2 Bxd5 17. exd5 Rbc8 18. Rfc1 h6 19. c4 bxc4 20. dxc4 Bg5 21. f4 exf4 22. Nxf4 d3 23. Kh1 Qa7 24. Rc3 Qd4 25. Rf1 Rxc4 26. Rxc4 Qxc4 27. Qxd3 Rc8 28. Rf3 Bxf4 29. Qd1 Qxd5 30. Qf1 Rc1 0-1

[Event "Titled Tuesday intern op 30th Nov"]
[Site "Chess.com INT"]
[Date "2021.11.30"]
[Round "2"]
[White "Kislov, Oleg"]
[Black "Mikhnenko, Alexander"]
[Result "1-0"]
[WhiteElo "2249"]
[BlackElo "2135"]
[PlyCount "73"]
[EventDate "2021.11.30"]
[EventType "swiss (blitz)"]
[EventRounds "11"]
[EventCountry "USA"]
[SourceTitle "CBM 205 Extra"]
[Source "ChessBase"]
[SourceDate "2022.01.31"]
[SourceVersion "1"]
[SourceVersionDate "2022.01.31"]
[SourceQuality "1"]

1. e4 c5 2. Nf3 d6 3. c3 Nf6 4. Be2 Nc6 5. d4 cxd4 6. cxd4 d5 7. e5 Ne4 8. Nc3 Nxc3 9. bxc3 Bg4 10. 0-0 Bxf3 11. Bxf3 e6 12. Re1 Be7 13. c4 dxc4 14. d5 exd5 15. Bxd5 0-0 16. Bb2 Qa5 17. Bxc4 Rad8 18. Qg4 Rd2 19. Re2 Rxe2 20. Qxe2 Ba3 21. Bxa3 Qxa3 22. e6 fxe6 23. Qxe6+ Kh8 24. Re1 Qc5 25. Qe2 Nd4 26. Qd3 Nc6 27. Qe2 h6 28. Bd3 Nb4 29. Bb1 Nd5 30. Rf1 Nf6 31. Qd3 b6 32. g3 a5 33. Kg2 Qd5+ 34. Qxd5 Nxd5 35. Rc1 Nb4 36. a3 Nd3 37. Bxd3 1-0

[Event "Titled Tuesday intern op 30th Nov"]
[Site "Chess.com INT"]
[Date "2021.11.30"]
[Round "5"]
[White "Kislov, Oleg"]
[Black "Wagner, Dennis"]
[Result "0-1"]
[WhiteElo "2249"]
[BlackElo "2578"]
[PlyCount "106"]
[EventDate "2021.11.30"]
[EventType "swiss (blitz)"]
[EventRounds "11"]
[EventCountry "USA"]
[SourceTitle "CBM 205 Extra"]
[Source "ChessBase"]
[SourceDate "2022.01.31"]
[SourceVersion "1"]
[SourceVersionDate "2022.01.31"]
[SourceQuality "1"]

1. e4 e5 2. Nf3 Nc6 3. d4 exd4 4. Nxd4 Nf6 5. Nc3 Bb4 6. Nxc6 bxc6 7. Bd3 0-0 8. 0-0 Re8 9. Bg5 h6 10. Bh4 Qe7 11. Re1 d6 12. Qf3 Qe5 13. Bg3 Qh5 14. Qxh5 Nxh5 15. Re2 Rb8 16. Nd1 Bc5 17. c3 f5 18. b4 Bb6 19. exf5 Bxf5 20. Bc4+ d5 21. Ba6 Bg4 22. Rxe8+ Rxe8 23. Kf1 Nxg3+ 24. hxg3 c5 25. a3 Re5 26. Ne3 Be6 27. Rd1 cxb4 28. axb4 Bxe3 29. fxe3 Rxe3 30. Rd3 Rxd3 31. Bxd3 Kf7 32. Kf2 Kf6 33. Ke3 Ke5 34. Be2 Bf5 35. Bb5 Be4 36. Bf1 Kf5 37. Kf2 Kg5 38. Be2 Kf6 39. Bf1 Ke5 40. Ke3 Bh7 41. Be2 Bf5 42. Bf1 Be4 43. Kf2 Kd6 44. Ke3 c5 45. Be2 cxb4 46. cxb4 Ke5 47. b5 d4+ 48. Kf2 Kd5 49. Ke1 Bxg2 50. Kd2 Be4 51. Bf1 Kc5 52. Be2 Bf5 53. Bf3 Kxb5 0-1

[Event "Titled Tuesday intern op 30th Nov"]
[Site "Chess.com INT"]
[Date "2021.11.30"]
[Round "10"]
[White "Madaminov, Mukhiddin"]
[Black "Kislov, Oleg"]
[Result "1-0"]
[WhiteElo "2260"]
[BlackElo "2249"]
[PlyCount "135"]
[EventDate "2021.11.30"]
[EventType "swiss (blitz)"]
[EventRounds "11"]
[EventCountry "USA"]
[SourceTitle "CBM 205 Extra"]
[Source "ChessBase"]
[SourceDate "2022.01.31"]
[SourceVersion "1"]
[SourceVersionDate "2022.01.31"]
[SourceQuality "1"]

1. d4 d5 2. Nc3 Nf6 3. Bf4 Bf5 4. f3 c6 5. g4 Bg6 6. h4 h5 7. g5 Nfd7 8. e3 e6 9. Bd3 Bxd3 10. Qxd3 g6 11. 0-0-0 Bg7 12. Nge2 0-0 13. e4 b5 14. exd5 exd5 15. Bd6 Re8 16. f4 Nb6 17. Be5 Nc4 18. b3 Nxe5 19. dxe5 Nd7 20. Kb1 a5 21. a4 Nc5 22. Qe3 Ne6 23. Rh3 bxa4 24. Nxa4 Rb8 25. Rf3 Rb4 26. Nd4 Qc7 27. Qc3 Nxd4 28. Rxd4 Reb8 29. Rfd3 Bf8 30. Rxb4 Bxb4 31. Qd4 Qe7 32. Rf3 Rd8 33. f5 c5 34. Qf4 c4 35. fxg6 fxg6 36. bxc4 dxc4 37. Qxc4+ Kg7 38. e6 Rf8 39. Rxf8 Kxf8 40. Qd5 Qd6 41. Qf3+ Ke7 42. Qf6+ Ke8 43. Qxg6+ Kd8 44. Qxh5 Qxe6 45. Qh8+ Kc7 46. Qg7+ Be7 47. Qd4 Qe1+ 48. Kb2 Bd6 49. Qa7+ Kc6 50. Qb6+ Kd5 51. Qb5+ Ke6 52. Nc5+ Bxc5 53. Qxc5 Kf7 54. h5 Kg7 55. g6 Kh6 56. Qd5 Qe3 57. Qxa5 Qd4+ 58. Kb3 Qe3+ 59. c3 Qe6+ 60. c4 Qe3+ 61. Ka4 Qd3 62. Qd5 Qc2+ 63. Kb4 Qb2+ 64. Kc5 Qa3+ 65. Kb6 Qb4+ 66. Kc6 Qa4+ 67. Kd6 Qa6+ 68. Ke5 1-0

[Event "Titled Tuesday intern op 30th Nov"]
[Site "Chess.com INT"]
[Date "2021.11.30"]
[Round "4"]
[White "Melikhov, Evgeny V"]
[Black "Kislov, Oleg"]
[Result "0-1"]
[WhiteElo "2292"]
[BlackElo "2249"]
[PlyCount "80"]
[EventDate "2021.11.30"]
[EventType "swiss (blitz)"]
[EventRounds "11"]
[EventCountry "USA"]
[SourceTitle "CBM 205 Extra"]
[Source "ChessBase"]
[SourceDate "2022.01.31"]
[SourceVersion "1"]
[SourceVersionDate "2022.01.31"]
[SourceQuality "1"]

1. d4 Nf6 2. c4 e6 3. Nc3 Bb4 4. Qc2 d5 5. cxd5 exd5 6. Bg5 h6 7. Bxf6 Qxf6 8. a3 Bxc3+ 9. Qxc3 c6 10. e3 0-0 11. Nf3 Bf5 12. Be2 Nd7 13. 0-0 Rfe8 14. b4 a6 15. Rfc1 Nf8 16. a4 Ng6 17. b5 axb5 18. axb5 Bd7 19. Qc5 Nf4 20. Bf1 Nh3+ 21. gxh3 Qxf3 22. Bg2 Qf6 23. Qb6 Rxa1 24. Rxa1 Qg6 25. Kf1 Qd3+ 26. Kg1 Qg6 27. Kf1 Bf5 28. Qc7 Bd3+ 29. Kg1 Be4 30. Qg3 Qf5 31. Bxe4 Rxe4 32. Qb8+ Kh7 33. Qxb7 Qxh3 34. Qc7 Rg4+ 35. Qg3 Rxg3+ 36. hxg3 cxb5 37. Rb1 Qd7 38. Rc1 b4 39. Rc5 b3 40. Rc3 Qb5 0-1